| 000 | 00751cam a22002653a 4500 | ||
|---|---|---|---|
| 001 | 2246 | ||
| 003 | PGUSA | ||
| 005 | 20140828083012.0 | ||
| 008 | 000701s2000||||xxu|||||s|||||000 | eng d | ||
| 040 |
_aPGUSA _beng |
||
| 042 | _adc | ||
| 050 | 4 | _aPR | |
| 100 | 1 |
_aShakespeare, William, _d1564-1616 |
|
| 245 | 1 | 0 |
_aAll's Well That Ends Well _h[electronic resource] / _cWilliam Shakespeare |
| 260 |
_bProject Gutenberg, _c2000 |
||
| 506 | _aPublic domain in the USA. | ||
| 516 | _aElectronic text | ||
| 653 | _aComedies | ||
| 653 | _aFlorence (Italy) -- Drama | ||
| 653 | _aMarried women -- Drama | ||
| 653 | _aRunaway husbands -- Drama | ||
| 830 | 0 |
_aProject Gutenberg _v2246 |
|
| 856 | 4 | 0 | _uhttp://www.gutenberg.org/ebooks/2246 |
| 942 | _cEB | ||
| 999 |
_c231583 _d231583 |
||